| 000 | 00910nam a2200229 a 4500 | ||
|---|---|---|---|
| 005 | 20210223121053.0 | ||
| 008 | 991125s1990 mx 000 0 spa u | ||
| 020 | _a9700500144 | ||
| 035 | _aUPN01000011647 | ||
| 049 | _aCG | ||
| 050 | 4 |
_aJX4481 _bC6.68 |
|
| 245 | 0 | 0 |
_aContrainsurgencia, proinsurgencia y antiterrorismo en los 80 : _bel arte de la guerra de baja intensidad / _ccoord. Michael T. Klare ; tr. Argelia Castillo. |
| 260 |
_aMéxico : _bCNCA : _bGrijalbo, _c1990. |
||
| 300 | _a294 p. | ||
| 440 | 4 |
_aLos noventa ; _v45 |
|
| 534 |
_pTraducción de: _tLow intensity warfare, counterinsurgency, proinsurgency and antiterrorism in the eighties |
||
| 650 | 4 |
_aINTERVENCION (DERECHO INTERNACIONAL) _917866 |
|
| 651 | 4 |
_aESTADOS UNIDOS - _xRELACIONES EXTERIORES - _ySIGLO XX _96895 |
|
| 651 | 4 |
_aUNION SOVIETICA - _xRELACIONES EXTERIORES |
|
| 700 | 1 |
_aKlare, Michael T., _d1942- _ecoord. |
|
| 905 | _aLibro | ||
| 999 |
_c11647 _d11647 |
||